[Event "VIII Miedzynarodowy Memorial Ferdynanda Dziedzica"]
[Site "Trzcianka"]
[Date "2018.10.14"]
[Round "8.6"]
[White "Tomczak, Mikolaj"]
[Black "Antolak, Julia"]
[Result "1-0"]
[BlackElo "2058"]
[WhiteElo "2448"]
[LiveChessVersion "1.4.8"]

1. Nf3 {[%clk 0:10:08]} g6 {[%clk 0:10:08]} 2. e4 {[%clk 0:10:09]} c5
{[%clk 0:10:11]} 3. d4 {[%clk 0:10:11]} cxd4 {[%clk 0:10:14]} 4. Qxd4
{[%clk 0:10:14]} Nf6 {[%clk 0:10:15]} 5. Nc3 {[%clk 0:10:17]} Nc6
{[%clk 0:10:09]} 6. Qa4 {[%clk 0:10:20]} d6 {[%clk 0:10:06]} 7. e5
{[%clk 0:10:24]} dxe5 {[%clk 0:09:58]} 8. Nxe5 {[%clk 0:10:26]} Bg7
{[%clk 0:09:55]} 9. Nxc6 {[%clk 0:10:18]} bxc6 {[%clk 0:09:58]} 10. Qxc6+
{[%clk 0:10:19]} Bd7 {[%clk 0:10:02]} 11. Qf3 {[%clk 0:10:19]} Rb8
{[%clk 0:09:45]} 12. Bc4 {[%clk 0:10:13]} O-O {[%clk 0:09:44]} 13. O-O
{[%clk 0:09:57]} Qb6 {[%clk 0:08:53]} 14. Bb3 {[%clk 0:09:48]} Bc6
{[%clk 0:08:51]} 15. Qh3 {[%clk 0:09:39]} Rfd8 {[%clk 0:08:07]} 16. Bf4
{[%clk 0:09:33]} Rbc8 {[%clk 0:08:03]} 17. Rfe1 {[%clk 0:09:12]} Qb7
{[%clk 0:07:35]} 18. Be5 {[%clk 0:08:50]} Rd2 {[%clk 0:05:59]} 19. Rad1
{[%clk 0:08:38]} Rcd8 {[%clk 0:05:57]} 20. Rxd2 {[%clk 0:08:39]} Rxd2
{[%clk 0:06:00]} 21. Qe3 {[%clk 0:08:00]} Qd7 {[%clk 0:05:35]} 22. h3
{[%clk 0:07:43]} e6 {[%clk 0:04:15]} 23. a3 {[%clk 0:07:41]} Ne8 {[%clk 0:03:47]}
24. Bxg7 {[%clk 0:07:31]} Nxg7 {[%clk 0:03:50]} 25. Ne4 {[%clk 0:06:01]} Bxe4
{[%clk 0:03:17]} 26. Qxe4 {[%clk 0:06:05]} Nf5 {[%clk 0:03:15]} 27. Bc4
{[%clk 0:05:46]} Rd4 {[%clk 0:03:01]} 28. Qa8+ {[%clk 0:05:49]} Kg7
{[%clk 0:03:05]} 29. Bd3 {[%clk 0:05:52]} Nd6 {[%clk 0:02:31]} 30. Qf3
{[%clk 0:05:51]} Nc4 {[%clk 0:01:39]} 31. Bxc4 {[%clk 0:05:13]} Rxc4
{[%clk 0:01:43]} 32. Rd1 {[%clk 0:05:03]} Qb5 {[%clk 0:01:14]} 33. Qd3
{[%clk 0:04:54]} Qc5 {[%clk 0:01:13]} 34. c3 {[%clk 0:04:56]} e5 {[%clk 0:00:15]}
35. Qd5 {[%clk 0:04:48]} Qc7 {[%clk 0:00:12]} 36. Qd6 {[%clk 0:04:47]} Rc6
{[%clk 0:00:10]} 37. Qxc7 {[%clk 0:04:42]} Rxc7 {[%clk 0:00:14]} 38. Kf1
{[%clk 0:04:44]} f5 {[%clk 0:00:17]} 39. Ke2 {[%clk 0:04:47]} Kf6
{[%clk 0:00:21]} 40. Rd6+ {[%clk 0:04:48]} Ke7 {[%clk 0:00:24]} 41. Rd5
{[%clk 0:04:52]} Ke6 {[%clk 0:00:26]} 42. Ra5 {[%clk 0:04:55]} Rb7
{[%clk 0:00:30]} 43. b4 {[%clk 0:04:58]} Rc7 {[%clk 0:00:34]} 44. Kd2
{[%clk 0:04:57]} e4 {[%clk 0:00:34]} 45. h4 {[%clk 0:04:34]} f4 {[%clk 0:00:20]}
46. a4 {[%clk 0:04:16]} Rd7+ {[%clk 0:00:21]} 47. Ke2 {[%clk 0:03:39]} Rc7
{[%clk 0:00:25]} 48. g3 {[%clk 0:03:26]} Rxc3 {[%clk 0:00:25]} 49. gxf4
{[%clk 0:03:20]} Rc4 {[%clk 0:00:29]} 50. b5 {[%clk 0:03:15]} Rc7
{[%clk 0:00:17]} 51. Ke3 {[%clk 0:03:18]} Kd6 {[%clk 0:00:16]} 52. Kxe4
{[%clk 0:03:17]} Re7+ {[%clk 0:00:16]} 53. Kf3 {[%clk 0:03:18]} Kc5
{[%clk 0:00:14]} 54. Ra6 {[%clk 0:03:21]} Kb4 {[%clk 0:00:14]} 55. Kg4
{[%clk 0:03:21]} Rb7 {[%clk 0:00:12]} 56. f3 {[%clk 0:03:19]} Kb3
{[%clk 0:00:09]} 57. f5 {[%clk 0:03:09]} gxf5+ {[%clk 0:00:08]} 58. Kxf5
{[%clk 0:03:12]} Rf7+ {[%clk 0:00:11]} 59. Kg5 {[%clk 0:03:09]} Kb4
{[%clk 0:00:14]} 60. f4 {[%clk 0:03:12]} Kc5 {[%clk 0:00:12]} 61. f5
{[%clk 0:03:15]} Kd5 {[%clk 0:00:13]} 62. f6 {[%clk 0:03:15]} Ke5
{[%clk 0:00:16]} 63. Rc6 {[%clk 0:03:02]} Rd7 {[%clk 0:00:13]} 64. Kh6
{[%clk 0:02:58]} Rd4 {[%clk 0:00:12]} 65. f7 {[%clk 0:02:55]} Rxh4+
{[%clk 0:00:16]} 66. Kg5 {[%clk 0:02:51]} 1-0

[Event "VIII Miedzynarodowy Memorial Ferdynanda Dziedzica"]
[Site "Trzcianka"]
[Date "2018.10.14"]
[Round "8.7"]
[White "Teclaf, Pawel"]
[Black "Raczynski, Krzysztof"]
[Result "1-0"]
[BlackElo "2020"]
[WhiteElo "2298"]
[LiveChessVersion "1.4.8"]

1. e4 {[%clk 0:10:08]} d6 {[%clk 0:10:07]} 2. d4 {[%clk 0:10:09]} Nf6
{[%clk 0:10:11]} 3. f3 {[%clk 0:09:58]} e5 {[%clk 0:10:13]} 4. Ne2
{[%clk 0:10:01]} Be7 {[%clk 0:10:04]} 5. Be3 {[%clk 0:09:54]} O-O
{[%clk 0:10:06]} 6. Nbc3 {[%clk 0:09:56]} c6 {[%clk 0:10:09]} 7. g4
{[%clk 0:09:54]} b5 {[%clk 0:10:10]} 8. Ng3 {[%clk 0:09:35]} b4 {[%clk 0:09:25]}
9. Nce2 {[%clk 0:09:39]} exd4 {[%clk 0:09:09]} 10. Nxd4 {[%clk 0:09:30]} d5
{[%clk 0:08:59]} 11. e5 {[%clk 0:08:30]} Nfd7 {[%clk 0:08:48]} 12. f4
{[%clk 0:08:33]} Nc5 {[%clk 0:07:58]} 13. Ndf5 {[%clk 0:07:37]} Bxf5
{[%clk 0:07:51]} 14. Nxf5 {[%clk 0:06:55]} Ne4 {[%clk 0:07:44]} 15. Bg2
{[%clk 0:06:30]} Bh4+ {[%clk 0:07:23]} 16. Ke2 {[%clk 0:06:24]} g6
{[%clk 0:06:56]} 17. Bxe4 {[%clk 0:06:02]} dxe4 {[%clk 0:06:52]} 18. Qxd8
{[%clk 0:04:46]} Bxd8 {[%clk 0:06:56]} 19. Nd6 {[%clk 0:04:48]} f5
{[%clk 0:06:12]} 20. gxf5 {[%clk 0:04:42]} gxf5 {[%clk 0:06:15]} 21. Rhg1+
{[%clk 0:04:32]} Kh8 {[%clk 0:06:19]} 22. e6 {[%clk 0:04:35]} Bf6
{[%clk 0:05:58]} 23. Nf7+ {[%clk 0:04:15]} Rxf7 {[%clk 0:06:02]} 24. exf7
{[%clk 0:04:18]} Na6 {[%clk 0:05:16]} 25. Rad1 {[%clk 0:04:21]} Nc7
{[%clk 0:05:04]} 26. Rd6 {[%clk 0:03:38]} Nd5 {[%clk 0:05:06]} 27. Rxf6
{[%clk 0:03:40]} Nxf6 {[%clk 0:04:46]} 28. Bd4 {[%clk 0:03:44]} Rf8
{[%clk 0:04:47]} 29. Bxf6# 1-0

[Event "VIII Miedzynarodowy Memorial Ferdynanda Dziedzica"]
[Site "Trzcianka"]
[Date "2018.10.14"]
[Round "8.8"]
[White "Kantans, Toms"]
[Black "Lewtak, Dominik"]
[Result "1-0"]
[BlackElo "2031"]
[WhiteElo "2513"]
[LiveChessVersion "1.4.8"]

1. e4 {[%clk 0:10:07]} e5 {[%clk 0:10:08]} 2. Nf3 {[%clk 0:10:11]} Nc6
{[%clk 0:10:11]} 3. d4 {[%clk 0:10:15]} exd4 {[%clk 0:09:57]} 4. Nxd4
{[%clk 0:10:18]} Bc5 {[%clk 0:09:48]} 5. Nb3 {[%clk 0:10:22]} Bb6
{[%clk 0:09:45]} 6. Nc3 {[%clk 0:10:25]} d6 {[%clk 0:09:20]} 7. a4
{[%clk 0:10:28]} a6 {[%clk 0:09:22]} 8. Nd5 {[%clk 0:10:32]} Ba7 {[%clk 0:09:20]}
9. Bd3 {[%clk 0:10:35]} Be6 {[%clk 0:09:10]} 10. O-O {[%clk 0:10:38]} Nce7
{[%clk 0:09:01]} 11. Re1 {[%clk 0:10:39]} Qd7 {[%clk 0:08:23]} 12. Be3
{[%clk 0:10:37]} Bxe3 {[%clk 0:08:08]} 13. Rxe3 {[%clk 0:10:41]} Nf6
{[%clk 0:06:43]} 14. Nxf6+ {[%clk 0:10:30]} gxf6 {[%clk 0:06:45]} 15. Qf3
{[%clk 0:10:32]} O-O-O {[%clk 0:06:18]} 16. Qxf6 {[%clk 0:10:31]} Rhg8
{[%clk 0:06:11]} 17. Nd4 {[%clk 0:10:26]} Rg6 {[%clk 0:06:06]} 18. Qh4
{[%clk 0:10:27]} Rg4 {[%clk 0:05:47]} 19. Qxh7 {[%clk 0:09:54]} Ng6
{[%clk 0:05:49]} 20. Rg3 {[%clk 0:08:25]} Rh8 {[%clk 0:05:21]} 21. Qg7
{[%clk 0:08:28]} Rgh4 {[%clk 0:05:24]} 22. Nf3 {[%clk 0:07:17]} R4h7
{[%clk 0:05:00]} 23. Qf6 {[%clk 0:06:48]} Ne5 {[%clk 0:02:53]} 24. Nxe5
{[%clk 0:06:46]} dxe5 {[%clk 0:02:45]} 25. h3 {[%clk 0:06:24]} Kb8
{[%clk 0:02:48]} 26. Bf1 {[%clk 0:02:54]} Qd4 {[%clk 0:02:50]} 27. c3
{[%clk 0:02:56]} Qxe4 {[%clk 0:02:45]} 28. Re3 {[%clk 0:02:59]} Qc6
{[%clk 0:02:44]} 29. Qxe5 {[%clk 0:02:45]} Rh5 {[%clk 0:01:50]} 30. Qg3
{[%clk 0:02:15]} Ra5 {[%clk 0:01:12]} 31. Qg7 {[%clk 0:01:49]} Rh4
{[%clk 0:00:52]} 32. b4 {[%clk 0:01:28]} Rxa4 {[%clk 0:00:32]} 33. Rxa4
{[%clk 0:01:30]} Qxa4 {[%clk 0:00:34]} 34. g4 {[%clk 0:00:28]} Qd1
{[%clk 0:00:13]} 35. Rd3 {[%clk 0:00:18]} Qc1 {[%clk 0:00:09]} 36. Rd8+
{[%clk 0:00:07]} Ka7 {[%clk 0:00:13]} 37. Qd4+ {[%clk 0:00:11]} b6
{[%clk 0:00:17]} 38. Qe4 {[%clk 0:00:13]} b5 {[%clk 0:00:08]} 39. Ra8+
{[%clk 0:00:10]} Kb6 {[%clk 0:00:11]} 40. Rb8+ {[%clk 0:00:12]} 1-0

[Event "VIII Miedzynarodowy Memorial Ferdynanda Dziedzica"]
[Site "Trzcianka"]
[Date "2018.10.14"]
[Round "8.9"]
[White "Jedynak, Radoslaw"]
[Black "Michalski, Karol"]
[Result "1-0"]
[BlackElo "2022"]
[WhiteElo "2424"]
[LiveChessVersion "1.4.8"]

1. d4 {[%clk 0:10:08]} d5 {[%clk 0:10:09]} 2. c4 {[%clk 0:10:12]} e6
{[%clk 0:10:13]} 3. Nc3 {[%clk 0:10:15]} c6 {[%clk 0:10:16]} 4. e3
{[%clk 0:10:12]} f5 {[%clk 0:09:50]} 5. Nf3 {[%clk 0:10:13]} Nd7 {[%clk 0:09:45]}
6. Qc2 {[%clk 0:09:58]} Qf6 {[%clk 0:09:33]} 7. Bd3 {[%clk 0:09:46]} Nh6
{[%clk 0:09:30]} 8. b3 {[%clk 0:09:27]} Bd6 {[%clk 0:09:32]} 9. Bb2
{[%clk 0:09:30]} Nf7 {[%clk 0:08:29]} 10. cxd5 {[%clk 0:07:58]} exd5
{[%clk 0:08:21]} 11. Bxf5 {[%clk 0:07:14]} g6 {[%clk 0:07:57]} 12. Bd3
{[%clk 0:07:10]} Ng5 {[%clk 0:08:00]} 13. Nxg5 {[%clk 0:06:58]} Qxg5
{[%clk 0:08:03]} 14. g3 {[%clk 0:07:02]} Qe7 {[%clk 0:07:52]} 15. O-O-O
{[%clk 0:06:58]} Nf6 {[%clk 0:07:45]} 16. Kb1 {[%clk 0:06:40]} Bg4
{[%clk 0:07:35]} 17. Be2 {[%clk 0:06:33]} Bf5 {[%clk 0:07:40]} 18. Bd3
{[%clk 0:06:37]} Bg4 {[%clk 0:07:44]} 19. Rc1 {[%clk 0:06:26]} Bf3
{[%clk 0:07:47]} 20. Rhe1 {[%clk 0:06:23]} Ne4 {[%clk 0:07:44]} 21. h4
{[%clk 0:06:04]} a5 {[%clk 0:06:59]} 22. Nxe4 {[%clk 0:05:17]} dxe4
{[%clk 0:07:01]} 23. Bc4 {[%clk 0:05:12]} Rf8 {[%clk 0:05:26]} 24. d5
{[%clk 0:04:49]} a4 {[%clk 0:04:34]} 25. dxc6 {[%clk 0:04:45]} bxc6
{[%clk 0:04:24]} 26. Be2 {[%clk 0:04:45]} Rc8 {[%clk 0:03:53]} 27. bxa4
{[%clk 0:04:47]} Bxe2 {[%clk 0:03:23]} 28. Rxe2 {[%clk 0:04:47]} Rf5
{[%clk 0:03:07]} 29. Qc4 {[%clk 0:04:20]} Rb8 {[%clk 0:02:22]} 30. Qxc6+
{[%clk 0:03:35]} Kf8 {[%clk 0:02:26]} 31. Rc4 {[%clk 0:03:19]} Be5
{[%clk 0:02:14]} 32. Qxe4 {[%clk 0:03:12]} Qa3 {[%clk 0:02:05]} 33. Rc8+
{[%clk 0:02:59]} 1-0

[Event "VIII Miedzynarodowy Memorial Ferdynanda Dziedzica"]
[Site "Trzcianka"]
[Date "2018.10.14"]
[Round "9.1"]
[White "Tomczak, Mikolaj"]
[Black "Krasenkow, Michal"]
[Result "1/2-1/2"]
[BlackElo "2524"]
[WhiteElo "2448"]
[LiveChessVersion "1.4.8"]

1. Nf3 {[%clk 0:10:08]} d5 {[%clk 0:10:08]} 2. d4 {[%clk 0:10:11]} c6
{[%clk 0:10:11]} 3. c4 {[%clk 0:10:14]} e6 {[%clk 0:09:57]} 4. e3
{[%clk 0:10:10]} f5 {[%clk 0:09:57]} 5. Bd3 {[%clk 0:10:07]} Nf6 {[%clk 0:10:00]}
6. O-O Bd6 7. b3 {[%clk 0:10:12]} Qe7 {[%clk 0:10:08]} 8. Bb2 {[%clk 0:10:06]}
Nbd7 {[%clk 0:09:54]} 9. Nbd2 {[%clk 0:09:37]} Ne4 {[%clk 0:09:54]} 10. Ne5
{[%clk 0:09:36]} O-O {[%clk 0:09:50]} 11. f3 {[%clk 0:09:20]} Nb8 1/2-1/2

[Event "VIII Miedzynarodowy Memorial Ferdynanda Dziedzica"]
[Site "Trzcianka"]
[Date "2018.10.14"]
[Round "9.2"]
[White "Piorun, Kacper"]
[Black "Moiseenko, Alexander"]
[Result "1/2-1/2"]
[BlackElo "2680"]
[WhiteElo "2636"]
[LiveChessVersion "1.4.8"]

1. e4 {[%clk 0:10:09]} c5 {[%clk 0:10:09]} 2. Nc3 {[%clk 0:10:13]} Nc6
{[%clk 0:10:00]} 3. g3 {[%clk 0:10:17]} g6 {[%clk 0:10:03]} 4. Bg2
{[%clk 0:10:21]} Bg7 {[%clk 0:10:06]} 5. d3 {[%clk 0:10:25]} e6 {[%clk 0:10:09]}
6. Nge2 {[%clk 0:10:26]} Nge7 {[%clk 0:10:07]} 7. Be3 {[%clk 0:10:29]} Nd4
{[%clk 0:09:35]} 8. Rb1 {[%clk 0:10:11]} d5 {[%clk 0:09:08]} 9. O-O
{[%clk 0:09:33]} Nxe2+ {[%clk 0:07:17]} 10. Nxe2 {[%clk 0:09:36]} d4
{[%clk 0:06:32]} 11. Bd2 {[%clk 0:09:36]} O-O {[%clk 0:06:09]} 12. f4
{[%clk 0:09:25]} f5 {[%clk 0:05:38]} 13. c4 {[%clk 0:08:49]} a5 {[%clk 0:04:47]}
14. Kh1 {[%clk 0:06:56]} e5 {[%clk 0:03:32]} 15. fxe5 {[%clk 0:06:31]} Bxe5
{[%clk 0:03:35]} 16. Nf4 {[%clk 0:05:35]} fxe4 {[%clk 0:03:17]} 17. Bxe4
{[%clk 0:05:38]} Bf5 {[%clk 0:02:14]} 18. Qe2 {[%clk 0:05:12]} Bxf4
{[%clk 0:01:10]} 19. Rxf4 {[%clk 0:04:19]} Bxe4+ {[%clk 0:00:57]} 20. Qxe4
{[%clk 0:03:13]} Rxf4 {[%clk 0:00:33]} 21. Bxf4 {[%clk 0:03:16]} Qd7
{[%clk 0:00:37]} 22. Kg1 {[%clk 0:02:45]} Nf5 {[%clk 0:00:34]} 23. Re1
{[%clk 0:02:21]} Ne3 {[%clk 0:00:18]} 24. Bxe3 {[%clk 0:02:22]} Re8
{[%clk 0:00:19]} 25. Qf4 {[%clk 0:02:06]} dxe3 {[%clk 0:00:18]} 26. Rxe3
{[%clk 0:02:10]} Rf8 {[%clk 0:00:09]} 27. Qe5 {[%clk 0:02:05]} Qf7
{[%clk 0:00:10]} 28. Qe6 {[%clk 0:02:07]} Qxe6 {[%clk 0:00:09]} 29. Rxe6
{[%clk 0:02:11]} Rd8 {[%clk 0:00:13]} 30. Re3 {[%clk 0:01:20]} Kf7
{[%clk 0:00:17]} 31. h4 {[%clk 0:01:19]} Rd6 {[%clk 0:00:14]} 32. Kf2
{[%clk 0:01:23]} a4 {[%clk 0:00:12]} 33. Ke1 {[%clk 0:01:16]} Rb6
{[%clk 0:00:15]} 34. Re2 {[%clk 0:01:20]} Kf6 {[%clk 0:00:19]} 35. Rf2+
{[%clk 0:01:08]} Ke5 {[%clk 0:00:20]} 36. Kd1 {[%clk 0:01:13]} a3
{[%clk 0:00:09]} 37. b3 {[%clk 0:00:54]} g5 {[%clk 0:00:10]} 38. hxg5
{[%clk 0:00:44]} Rg6 {[%clk 0:00:14]} 39. Kd2 {[%clk 0:00:43]} Rxg5
{[%clk 0:00:18]} 40. Rf3 {[%clk 0:00:48]} h5 {[%clk 0:00:15]} 41. Kc3
{[%clk 0:00:46]} b6 {[%clk 0:00:16]} 42. b4 {[%clk 0:00:45]} cxb4+
{[%clk 0:00:12]} 43. Kxb4 {[%clk 0:00:48]} Kd4 {[%clk 0:00:16]} 44. Kb3
{[%clk 0:00:13]} Rg8 {[%clk 0:00:06]} 45. Kb4 {[%clk 0:00:10]} Rg5
{[%clk 0:00:10]} 46. Rf6 {[%clk 0:00:09]} Kxd3 {[%clk 0:00:08]} 47. Rxb6
{[%clk 0:00:07]} Rxg3 {[%clk 0:00:10]} 48. c5 {[%clk 0:00:10]} Kc2
{[%clk 0:00:08]} 49. c6 {[%clk 0:00:09]} Rc3 {[%clk 0:00:08]} 50. Kb5
{[%clk 0:00:09]} Kb2 {[%clk 0:00:08]} 51. Ka6+ {[%clk 0:00:13]} Kxa2
{[%clk 0:00:11]} 52. Kb7 {[%clk 0:00:17]} h4 {[%clk 0:00:12]} 53. c7
{[%clk 0:00:21]} h3 {[%clk 0:00:11]} 54. c8=Q {[%clk 0:00:10]} Rxc8
{[%clk 0:00:15]} 55. Kxc8 {[%clk 0:00:13]} h2 {[%clk 0:00:19]} 56. Rh6
{[%clk 0:00:16]} Kb1 {[%clk 0:00:21]} 57. Rxh2 {[%clk 0:00:20]} a2
{[%clk 0:00:26]} 58. Rxa2 {[%clk 0:00:23]} 1/2-1/2

[Event "VIII Miedzynarodowy Memorial Ferdynanda Dziedzica"]
[Site "Trzcianka"]
[Date "2018.10.14"]
[Round "9.3"]
[White "Tomczak, Jacek"]
[Black "Teclaf, Pawel"]
[Result "1-0"]
[BlackElo "2298"]
[WhiteElo "2546"]
[LiveChessVersion "1.4.8"]

1. e4 {[%clk 0:10:09]} c6 {[%clk 0:10:09]} 2. d3 {[%clk 0:10:07]} d5
{[%clk 0:10:13]} 3. Nc3 {[%clk 0:10:10]} dxe4 {[%clk 0:10:16]} 4. Nxe4
{[%clk 0:10:12]} Bf5 {[%clk 0:10:20]} 5. Ng3 {[%clk 0:10:15]} Bg6
{[%clk 0:10:24]} 6. h4 {[%clk 0:10:18]} h6 {[%clk 0:10:28]} 7. Nf3
{[%clk 0:10:21]} Nd7 {[%clk 0:10:31]} 8. h5 {[%clk 0:10:24]} Bxd3
{[%clk 0:10:38]} 9. Qxd3 {[%clk 0:10:30]} e6 {[%clk 0:10:39]} 10. Bd2
{[%clk 0:10:34]} Ngf6 {[%clk 0:10:41]} 11. O-O-O {[%clk 0:10:35]} Be7
{[%clk 0:10:36]} 12. Kb1 {[%clk 0:10:38]} c5 {[%clk 0:09:21]} 13. Ne4
{[%clk 0:08:56]} O-O {[%clk 0:08:05]} 14. g4 {[%clk 0:09:00]} Nxg4
{[%clk 0:07:34]} 15. Qe2 {[%clk 0:08:39]} Qb6 {[%clk 0:06:42]} 16. Ne5
{[%clk 0:08:40]} Ngxe5 {[%clk 0:04:38]} 17. Rg1 {[%clk 0:08:11]} Kh8
{[%clk 0:03:22]} 18. Bc3 {[%clk 0:06:11]} f6 {[%clk 0:03:20]} 19. Bxe5
{[%clk 0:05:57]} fxe5 {[%clk 0:03:21]} 20. Rxg7 {[%clk 0:06:00]} Kxg7
{[%clk 0:02:12]} 21. Qg4+ {[%clk 0:06:04]} Bg5 {[%clk 0:01:12]} 22. Nxg5
{[%clk 0:06:02]} Kh8 {[%clk 0:00:54]} 23. Nxe6 {[%clk 0:05:29]} 1-0

[Event "VIII Miedzynarodowy Memorial Ferdynanda Dziedzica"]
[Site "Trzcianka"]
[Date "2018.10.14"]
[Round "9.4"]
[White "Jaroch, Karol"]
[Black "Jaracz, Pawel"]
[Result "1-0"]
[BlackElo "2538"]
[WhiteElo "2285"]
[LiveChessVersion "1.4.8"]

1. c4 {[%clk 0:10:09]} c6 {[%clk 0:10:09]} 2. d4 {[%clk 0:10:12]} d5
{[%clk 0:10:13]} 3. Nf3 {[%clk 0:10:16]} Nf6 {[%clk 0:10:16]} 4. e3
{[%clk 0:10:15]} Bg4 {[%clk 0:10:18]} 5. Be2 {[%clk 0:10:15]} e6 {[%clk 0:10:20]}
6. O-O {[%clk 0:10:18]} Nbd7 {[%clk 0:10:23]} 7. Nbd2 {[%clk 0:10:21]} Bd6
{[%clk 0:10:24]} 8. a3 {[%clk 0:10:21]} O-O {[%clk 0:10:26]} 9. b4
{[%clk 0:10:24]} Ne4 {[%clk 0:09:31]} 10. Nxe4 {[%clk 0:10:16]} dxe4
{[%clk 0:09:34]} 11. Nd2 {[%clk 0:10:18]} Bxe2 {[%clk 0:09:38]} 12. Qxe2
{[%clk 0:10:22]} f5 {[%clk 0:09:39]} 13. Bb2 {[%clk 0:10:13]} Qh4
{[%clk 0:09:38]} 14. f4 {[%clk 0:10:06]} exf3 {[%clk 0:09:40]} 15. Nxf3
{[%clk 0:10:09]} Qh5 {[%clk 0:09:43]} 16. d5 {[%clk 0:09:50]} Bxh2+
{[%clk 0:09:36]} 17. Kf2 {[%clk 0:09:48]} Nf6 {[%clk 0:09:07]} 18. Bxf6
{[%clk 0:09:38]} Rxf6 {[%clk 0:09:11]} 19. Rh1 {[%clk 0:09:39]} exd5
{[%clk 0:08:33]} 20. Rxh2 {[%clk 0:09:40]} Qg6 {[%clk 0:08:20]} 21. cxd5
{[%clk 0:09:40]} cxd5 {[%clk 0:08:23]} 22. Qd3 {[%clk 0:09:40]} Rd8
{[%clk 0:08:27]} 23. Rh4 {[%clk 0:09:35]} h6 {[%clk 0:08:20]} 24. Rd1
{[%clk 0:09:36]} Qf7 {[%clk 0:08:19]} 25. Rd4 {[%clk 0:09:39]} Rfd6
{[%clk 0:08:12]} 26. Kg1 {[%clk 0:09:33]} Qf6 {[%clk 0:07:55]} 27. Nd2
{[%clk 0:08:48]} Qe6 {[%clk 0:07:53]} 28. Nf1 {[%clk 0:08:51]} g6
{[%clk 0:07:51]} 29. Qb5 {[%clk 0:08:43]} R8d7 {[%clk 0:07:48]} 30. Rc1
{[%clk 0:08:45]} Kg7 {[%clk 0:07:24]} 31. Rc8 {[%clk 0:08:27]} h5
{[%clk 0:07:24]} 32. Qd3 {[%clk 0:08:24]} Re7 {[%clk 0:07:08]} 33. Qc3
{[%clk 0:08:25]} Qf6 {[%clk 0:06:13]} 34. Rc7 {[%clk 0:07:48]} Kh6
{[%clk 0:06:04]} 35. Rxe7 {[%clk 0:07:49]} Qxe7 {[%clk 0:06:09]} 36. Qd2
{[%clk 0:07:53]} g5 {[%clk 0:03:49]} 37. Rxd5 {[%clk 0:07:50]} Rf6
{[%clk 0:03:53]} 38. Rd7 {[%clk 0:07:47]} Qe6 {[%clk 0:03:35]} 39. Rxb7
{[%clk 0:07:43]} f4 {[%clk 0:03:39]} 40. Qd3 {[%clk 0:07:34]} Rg6
{[%clk 0:03:41]} 41. Qd7 {[%clk 0:07:34]} Qg8 {[%clk 0:03:43]} 42. Qf7
{[%clk 0:07:16]} Qh8 {[%clk 0:03:34]} 43. Re7 {[%clk 0:06:59]} fxe3
{[%clk 0:03:21]} 44. Nxe3 {[%clk 0:06:44]} h4 {[%clk 0:03:12]} 45. Ng4+
{[%clk 0:06:23]} 1-0

[Event "VIII Miedzynarodowy Memorial Ferdynanda Dziedzica"]
[Site "Trzcianka"]
[Date "2018.10.14"]
[Round "9.5"]
[White "Lewtak, Damian"]
[Black "Kantans, Toms"]
[Result "1-0"]
[BlackElo "2513"]
[WhiteElo "2278"]
[LiveChessVersion "1.4.8"]

1. d4 {[%clk 0:10:09]} Nf6 {[%clk 0:10:06]} 2. Bf4 {[%clk 0:10:12]} g6
{[%clk 0:10:05]} 3. Nc3 {[%clk 0:10:16]} d5 {[%clk 0:10:03]} 4. e3
{[%clk 0:10:19]} Bg7 {[%clk 0:09:57]} 5. h4 {[%clk 0:10:23]} c6 {[%clk 0:09:10]}
6. Be2 {[%clk 0:10:19]} h6 {[%clk 0:08:58]} 7. Nf3 {[%clk 0:10:12]} b5
{[%clk 0:08:51]} 8. Ne5 {[%clk 0:10:03]} a5 {[%clk 0:08:05]} 9. Bd3
{[%clk 0:10:02]} Nfd7 {[%clk 0:06:41]} 10. Qf3 {[%clk 0:09:27]} Nxe5
{[%clk 0:06:36]} 11. dxe5 {[%clk 0:09:14]} b4 {[%clk 0:05:02]} 12. Ne2
{[%clk 0:09:00]} Ba6 {[%clk 0:04:07]} 13. e6 {[%clk 0:08:45]} fxe6
{[%clk 0:02:57]} 14. Bxg6+ {[%clk 0:08:39]} Kd7 {[%clk 0:03:01]} 15. Qg4
{[%clk 0:08:21]} Qf8 {[%clk 0:02:29]} 16. Nd4 {[%clk 0:08:06]} Bxd4
{[%clk 0:01:38]} 17. exd4 {[%clk 0:08:09]} h5 {[%clk 0:01:41]} 18. Qg5
{[%clk 0:06:54]} Rg8 {[%clk 0:01:13]} 19. Be5 {[%clk 0:06:54]} c5
{[%clk 0:01:09]} 20. Qxh5 {[%clk 0:05:05]} Nc6 {[%clk 0:01:01]} 21. Qg5
{[%clk 0:04:54]} cxd4 {[%clk 0:00:10]} 22. h5 {[%clk 0:04:58]} d3
{[%clk 0:00:14]} 23. Rh3 {[%clk 0:03:58]} Nxe5 {[%clk 0:00:09]} 24. Qxe5
{[%clk 0:03:57]} dxc2 {[%clk 0:00:10]} 25. Rc1 {[%clk 0:03:56]} Rc8
{[%clk 0:00:09]} 26. Rxc2 {[%clk 0:03:36]} Rxc2 {[%clk 0:00:11]} 27. Bxc2
{[%clk 0:03:40]} Rxg2 {[%clk 0:00:11]} 28. Ba4+ {[%clk 0:03:41]} Kc8
{[%clk 0:00:06]} 29. Qxe6+ {[%clk 0:02:58]} Kb8 {[%clk 0:00:10]} 30. Qe5+
{[%clk 0:02:46]} Ka8 {[%clk 0:00:07]} 31. Bc6+ {[%clk 0:02:27]} 1-0

[Event "VIII Miedzynarodowy Memorial Ferdynanda Dziedzica"]
[Site "Trzcianka"]
[Date "2018.10.14"]
[Round "9.6"]
[White "Nowak, Mikolaj"]
[Black "Jedynak, Radoslaw"]
[Result "1/2-1/2"]
[BlackElo "2424"]
[WhiteElo "2107"]
[LiveChessVersion "1.4.8"]

1. d4 {[%clk 0:10:09]} e6 {[%clk 0:10:10]} 2. c4 {[%clk 0:10:10]} Nf6
{[%clk 0:10:13]} 3. Nf3 {[%clk 0:10:13]} Bb4+ {[%clk 0:10:15]} 4. Nbd2
{[%clk 0:10:16]} b6 {[%clk 0:10:15]} 5. a3 {[%clk 0:10:20]} Bxd2+
{[%clk 0:10:18]} 6. Qxd2 {[%clk 0:10:23]} Bb7 {[%clk 0:10:22]} 7. e3
{[%clk 0:10:24]} O-O {[%clk 0:10:24]} 8. Be2 {[%clk 0:10:24]} d6 {[%clk 0:10:28]}
9. O-O {[%clk 0:10:26]} Nbd7 {[%clk 0:10:30]} 10. b4 {[%clk 0:10:28]} Qe7
{[%clk 0:10:27]} 11. Bb2 {[%clk 0:10:19]} Rfe8 {[%clk 0:10:28]} 12. Qc2
{[%clk 0:09:55]} Be4 {[%clk 0:10:30]} 13. Qb3 {[%clk 0:09:51]} e5
{[%clk 0:09:58]} 14. d5 {[%clk 0:08:59]} Bg6 {[%clk 0:09:59]} 15. Nh4
{[%clk 0:08:36]} Ne4 {[%clk 0:09:04]} 16. Nxg6 {[%clk 0:08:29]} hxg6
{[%clk 0:09:08]} 17. Qc2 {[%clk 0:08:11]} Nef6 {[%clk 0:09:06]} 18. e4
{[%clk 0:07:45]} Nh5 {[%clk 0:08:30]} 19. Bxh5 {[%clk 0:07:35]} gxh5
{[%clk 0:08:34]} 20. Bc1 {[%clk 0:07:21]} a5 {[%clk 0:08:25]} 21. Be3
{[%clk 0:07:16]} Ra7 {[%clk 0:08:09]} 22. c5 {[%clk 0:06:56]} dxc5
{[%clk 0:06:57]} 23. bxc5 {[%clk 0:07:00]} Nxc5 {[%clk 0:07:01]} 24. Bxc5
{[%clk 0:07:03]} Qxc5 {[%clk 0:07:03]} 25. Qxc5 {[%clk 0:06:56]} bxc5
{[%clk 0:07:07]} 26. Rab1 {[%clk 0:06:52]} c6 {[%clk 0:06:18]} 27. dxc6
{[%clk 0:06:25]} Rc8 {[%clk 0:06:22]} 28. Rfc1 {[%clk 0:04:41]} Rxc6
{[%clk 0:06:23]} 29. Rb8+ {[%clk 0:04:42]} Kh7 {[%clk 0:06:27]} 30. Rb5
{[%clk 0:04:45]} c4 {[%clk 0:05:48]} 31. Rxe5 {[%clk 0:04:34]} c3
{[%clk 0:05:52]} 32. Rxh5+ Kg6 33. Rh3 {[%clk 0:04:17]} c2 {[%clk 0:04:46]} 34.
Kf1 {[%clk 0:04:19]} a4 {[%clk 0:02:46]} 35. Ke2 {[%clk 0:04:10]} Rac7
{[%clk 0:02:44]} 36. Kd2 {[%clk 0:03:52]} f6 {[%clk 0:02:47]} 37. Rd3
{[%clk 0:03:32]} Rc4 {[%clk 0:02:45]} 38. f3 {[%clk 0:03:26]} Kf7
{[%clk 0:02:47]} 39. Ke3 {[%clk 0:02:46]} Kg6 {[%clk 0:02:51]} 40. g3
{[%clk 0:02:27]} Kf7 {[%clk 0:02:54]} 1/2-1/2